| 000 | 01067nam a22002537a 4500 | ||
|---|---|---|---|
| 005 | 2008071004264.0 | ||
| 008 | 040220s2004 mnu 000 0 eng | ||
| 010 | _aB-269951-952 | ||
| 020 |
_a0749674377 _c6875.00 (set) |
||
| 035 | _aB-269951-952 | ||
| 037 | _bGrolier International (P) Ltd. | ||
| 040 |
_aDPL _bEN |
||
| 082 | _a612.2 / WAL | ||
| 100 | _aWalker, Richard | ||
| 245 |
_aHow we breathe / _cRichard Walker |
||
| 260 |
_aNew Delhi _bGrolier International (P) LTD. _c2007 |
||
| 300 |
_a32p.: _c28cm. (Hb) _bcol. ill. |
||
| 490 | _aBody science | ||
| 500 | _aThis series has 8 vols. | ||
| 942 |
_2ddc _cCH _h612.2 / WAL |
||
| 999 |
_c14398 _d14398 |
||